000 00584nam a2200181 4500
005 20250921062524.0
999 _c17754
_d17754
008 221215b ||||| |||| 00| 0 eng d
020 _a9781984659798
082 _22022
_aDC 515/.35
_bT413
245 _aOrdinary differential equations /
_c3G E-Learning.
250 _a2nd edition.
260 _aNew York :
_b3G E-Learning,
_c©2022.
300 _axii, 441 pages :
_billustrations ;
_c25 cm.
500 _aIncludes bibliographical references and index.
650 _aDifferential equations.
_947125
710 _a3G E-Learning.
_933636
942 _2ddc
_cDC